Nursing Care Plans (Record no. 156548)
[ view plain ]
| 000 -LEADER | |
|---|---|
| fixed length control field | 00393nam a2200145Ia 4500 |
| 008 - FIXED-LENGTH DATA ELEMENTS--GENERAL INFORMATION | |
| fixed length control field | 230411s9999 xx 000 0 und d |
| 020 ## - INTERNATIONAL STANDARD BOOK NUMBER | |
| International Standard Book Number | 81-8448-027-X |
| 041 ## - LANGUAGE CODE | |
| Language code of text/sound track or separate title | eng |
| 082 ## - DEWEY DECIMAL CLASSIFICATION NUMBER | |
| Classification number | F/610.7302/DOE/MOO/B06106 |
| 100 ## - MAIN ENTRY--PERSONAL NAME | |
| Personal name | Doenges Marilynn & Moorhouse Mary |
| 245 ## - TITLE STATEMENT | |
| Title | Nursing Care Plans |
| 260 ## - PUBLICATION, DISTRIBUTION, ETC. (IMPRINT) | |
| Name of publisher, distributor, etc. | Jaypee Brothers |
| Place of publication, distribution, etc. | Philadelphia |
| Date of publication, distribution, etc. | 2007 |
| 300 ## - PHYSICAL DESCRIPTION | |
| Extent | 988p |
| Withdrawn status | Lost status | Damaged status | Not for loan | Collection code | Home library | Current library | Date acquired | Vendor | Cost, normal purchase price | Bill number | Full call number | Barcode | Date last seen | Cost, replacement price | Bill Date | Koha item type | Original Barcode | Total Checkouts | Total Renewals | Date last checked out |
|---|---|---|---|---|---|---|---|---|---|---|---|---|---|---|---|---|---|---|---|---|
| Reference | Smt. Bakul Tambat Institute of Nursing Education | Smt. Bakul Tambat Institute of Nursing Education | 11/02/2010 | Jaypee Brothers Medical Publishers | 995.00 | 5499 | F 610.7302 DOE MOO B06106 | BTIN-BK-6106 | 11/04/2023 | 721.00 | 11/02/2010 | Books | B06106 | |||||||
| Reference | Smt. Bakul Tambat Institute of Nursing Education | Smt. Bakul Tambat Institute of Nursing Education | 19/08/2015 | S.K.Kothari,Pune. | 1495.00 | 5499 | F 610.73 DOE B07958 | BTIN-BK-7958 | 11/04/2023 | 1046.50 | 11/02/2010 | Books | B07958 | |||||||
| Smt. Bakul Tambat Institute of Nursing Education | Smt. Bakul Tambat Institute of Nursing Education | 13/05/2016 | Jaypee Brothers Medical Publishers | 1495.00 | 5499 | F 610.73 DOE B08216 | BTIN-BK-8216 | 13/12/2024 | 1046.50 | 11/02/2010 | Books | B08216 | 3 | 2 | 05/12/2024 | |||||
| Smt. Bakul Tambat Institute of Nursing Education | Smt. Bakul Tambat Institute of Nursing Education | 13/05/2016 | Jaypee Brothers Medical Publishers | 1495.00 | 5499 | F 610.73 DOE B08217 | BTIN-BK-8217 | 21/12/2024 | 1046.50 | 11/02/2010 | Books | B08217 | 4 | 13/12/2024 |